| 000 -LEADER |
| fixed length control field |
00805nam a22002177a 4500 |
| 005 - DATE AND TIME OF LATEST TRANSACTION |
| control field |
20240524113739.0 |
| 008 - FIXED-LENGTH DATA ELEMENTS--GENERAL INFORMATION |
| fixed length control field |
240524s2007 enk||||| |||| 00| 0 eng d |
| 020 ## - INTERNATIONAL STANDARD BOOK NUMBER |
| International Standard Book Number |
9789996026508x |
| 041 ## - LANGUAGE CODE |
| Language code of text/sound track or separate title |
eng |
| 080 ## - UNIVERSAL DECIMAL CLASSIFICATION NUMBER |
| Universal Decimal Classification number |
617.5 Y-21 |
| 100 ## - MAIN ENTRY--PERSONAL NAME |
| Personal name |
Yeo, Charles J. |
| 9 (RLIN) |
22167 |
| 245 ## - TITLE STATEMENT |
| Title |
Shackelford's surgery of the alimentary tract : |
| Remainder of title |
Volume 1 |
| Statement of responsibility, etc. |
Charles J. Yeo, J. H. Peters, Daniel T. Dempsey. |
| 250 ## - EDITION STATEMENT |
| Edition statement |
Sixth edition |
| 264 ## - PRODUCTION, PUBLICATION, DISTRIBUTION, MANUFACTURE, AND COPYRIGHT NOTICE |
| Place of production, publication, distribution, manufacture |
Philadelphia : |
| Name of producer, publisher, distributor, manufacturer |
Saunders, |
| Date of production, publication, distribution, manufacture, or copyright notice |
2007. |
| 300 ## - PHYSICAL DESCRIPTION |
| Extent |
1284 p.: |
| Other physical details |
ill.; |
| Dimensions |
29 cm. |
| 653 ## - INDEX TERM--UNCONTROLLED |
| keyword |
საჭმლის მომნელებელი ტრაქტის ქირურგია |
| 653 ## - INDEX TERM--UNCONTROLLED |
| keyword |
მედიცინა |
| 700 ## - ADDED ENTRY--PERSONAL NAME |
| Personal name |
Peters, J. H. |
| Relator term |
ავტორი |
| 9 (RLIN) |
22168 |
| 700 ## - ADDED ENTRY--PERSONAL NAME |
| Personal name |
Dempsey, Daniel T. |
| Relator term |
ავტორი |
| 9 (RLIN) |
22168 |
| 942 ## - ADDED ENTRY ELEMENTS (KOHA) |
| Source of classification or shelving scheme |
|
| Koha item type |
წიგნი |